| 000 | 00653nam a2200169 4500 | ||
|---|---|---|---|
| 001 | 113468 | ||
| 003 | ES-MaACL | ||
| 005 | 20230906185914.0 | ||
| 007 | t| | ||
| 008 | 061121s1939 sp r ||||1| spa d | ||
| 100 | 1 |
_aNoain, Toribio. _985797 |
|
| 245 | 1 | 0 |
_aEstampas de la guerra / _cdirector Toribio Noain. |
| 260 |
_aSan Sebastián : _bEditora Nacional, _c1939. |
||
| 300 |
_a6 v. ; _c25 cm. |
||
| 505 | 8 | _aContiene: Vol. I De Irún a Bilbao. Vol. II De Bilbao a Oviedo. Vol. III Frente de Aragón. Vol. IV De Aragón al mar. Vol. V. Frente de Andalucía y Extremadura. Vol. VI Toledo, Cataluña, Madrid. | |
| 852 |
_aES-MaACL _jF-15770-75 _bR.18400 |
||
| 999 |
_c113468 _d113468 |
||